01426nam a2200325 i 4500001001000000003000900010005001700019007000300036008004100039020001500080040003000095082002400125100005300149245007600202264006400278300002800342336002700370337003400397338002700431500006300458590002600521650003100547650002800578910003700606942001400643952013600657952014100793952014900934999001701083000014911DO-SdBNP20240412074242.0ta100127s2005 dr 000 p spa d a9945028006 aDO-SdBNPbspacBNPHUerda 4aRD861.44bP434s2221 aPerelló, Ramón Lorenzo,d1924-925958eautor13aEl sonetario de los santiagueros ilustres /cRamón Lorenzo Perelló. aSanto Domingo :bFundación Pro-Cultura Dominicana,c2005. a132 páginas ;c21 cm. 2rdacontentatextobtxt 2rdamediaasin mediaciónbnc 2rdacarrieravolumenbn aIncluye datos biográficos del autor en la contracubierta aInventariado, 2023/BT 0aLiteratura dominicana.967 4aPoesía dominicana966 aValidado. Control de calidad MFF 2ddccLBS1 00102ddc51708PDaBNPHUbBNPHUcHDd2010-01-27l0oBNPHU PD RD861.44 P434sp14911-10r2020-06-25w2020-06-25yLBS1ZNo se presta 00102ddc51708PDaBNPHUbBNPHUcHDd2010-10-27l0oBNPHU PD RD861.44 P434sp14911-20r2020-06-25te.2w2020-06-25yLBS1ZNo se presta 00102ddc56708DSaBNPHUbBNPHUcHDd2023-09-05eDonado por Ubi Rivasl0oBNPHU DS RD861.44 P434sp14911-30r2023-09-05te.3w2023-09-05yLBS1 c14491d14491